| 000 | 00487nam a2200133Ia 4500 | ||
|---|---|---|---|
| 008 | 170516s9999 xx 000 0 und d | ||
| 245 | 2 | _aA Retrospective Analysis of the Clinical Impact of 939 Chest Radiographs Using the Medical Records, Mats Geijer, Liz Ivarsson, and Jan H. Göthlin | |
| 260 | _bRadiology Research and Practice | ||
| 260 | _c2012 | ||
| 300 | _a: | ||
| 650 | _xRadiologic Technology | ||
| 650 | _xRadtech | ||
| 856 | _uhttps://www.hindawi.com/journals/rrp/contents/3/ | ||
| 999 |
_c332111 _d332111 |
||